00553nam a2200205 a 4500001001300000003000900013005001700022008004100039020001000080082001500090100001900105245005800124260004200182300000900224500003500233505002400268650001800292650001800310700001900328nice12345678IN_TiNIC20260116013520.0050524s1993 dela grp 000 0 eng  ac45000a297.8bUMA aUmar, Muhammad aIslam in Northern India During the Eighteenth Century aDelhibMunshiram Manoharlal Pubc1993 a579p aincludes index and biblioraphy2 abibliography, index aIslam-History aMuslims-India1 aUmar, Muhammad